Normal view
MARC view
- Dumlao-Abadilla, Doris.
Entry Personal Name
001 - CONTROL NUMBER
- control field: 46829
003 - CONTROL NUMBER IDENTIFIER
- control field: OSt
005 - DATE AND TIME OF LATEST TRANSACTION
- control field: 20221118140652.0
008 - FIXED-LENGTH DATA ELEMENTS
- fixed length control field: 221118|| aca||aabn | a|a d
040 ## - CATALOGING SOURCE
- Original cataloging agency: OSt
- Transcribing agency: OSt
100 ## - HEADING--PERSONAL NAME
- Personal name: Dumlao-Abadilla, Doris.
670 ## - SOURCE DATA FOUND
- Source citation: Work cat.: (OSt): Dumlao-Abadilla, Doris., Local stocks seen trading lower this week /, March 2, 2020.
